000
00248nam a2200097Ia 4500
008
120527s9999 xx 000 0 und d
100
_a
World Almanac education
245
_a
The World Almanac & book of facts 2005.
260
_b
Ken.Park
942
_c
BK
999
_c
23613
_d
23613